000 02021nam a2200301 4500
003 EC-UNACH
005 20251107171655.0
006 s||||gr|||| 00| 00
008 150116t9999 mx r gr 000 0 spa d
020 _a978-84-936084-4-6
040 _aEC-UNACH
_cEC-UNACH
041 _aspa
082 0 4 _223
_a659.2
_bL017971
110 _aBresca Editorial
245 _a90 Técnicas de relaciones públicas
250 _aPrimera edición
264 _aEspaña
_bBresca Editorial
_c2008
300 _a524
505 _a1-Bases conceptuales de relaciones públicas-1.1 Concepto de relaciones públicas 1.2 Definición de relaciones públicas 1.3 Ámbito de actuación de las relaciones públicas 1.4 la función social de las relaciones públicas 1.5 Sujetos que intervienen en las relaciones públicas 1.6 El proceso en las relaciones públicas - - 2-Tecnicas de relaciones públicas 2.1 Técnicas 2.2 Mapa general de técnicas de relaciones públicas Grupo 1 Se dirigen al cliente como individuo Grupo 2 Se dirigen a los medios de comunicación Grupo 3 Facilitan la investigación y la evaluación Grupo 4 Gestionan los conflictos de los clientes con sus públicos Grupo 5 Promueven contenidos para los clientes Grupo 6 Promueven espacios comunicativos a favor del cliente Grupo 7 Promueven publicaciones y materiales a favor del cliente Grupo 8 Actúan atreves de la publicidad Grupo 9 Organizan eventos para públicos externos para el cliente Grupo 10 Organizan eventos par públicos internos del cliente Grupo 11 Organizan actuaciones específicas Grupo 12 Dinamizan la responsabilidad social corporativa del cliente Grupo 13 Dinamizan procesos de cultivación Grupo 14 Generan prescripción a favor del cliente
650 _aDEFINICIÓN DE RELACIONES PUBLICAS
650 _aTECNICAS
650 _aCOMUNICACIÓN ESTRATEGICA
700 _aManuel Palencia - Lefler
942 _2ddc
_c1
999 _c14163